Statistics for One-Team Footballers #1

Click here to take the quiz!

General Stats

  • This quiz has been taken 685 times
    (417 since last reset)
  • The average score is 10 of 20

Answer Stats

ClubPeriodPlayer% Correct
Barcelona2004-2021Lionel Messi
89%
Milan AC1985-2009Paolo Maldini
88%
Barcelona2002-2018Andrés Iniesta
84%
Liverpool FC1998-2015Steven Gerrard
84%
Barcelona1998-2015Xavi
83%
Santos FC1956-1974Pelé
82%
Barcelona2008-Sergio Busquets
77%
Barcelona2008-Gerard Piqué
72%
Barcelona1999-2014Carles Puyol
69%
Inter Milan1995-2014Javier Zanetti
55%
Milan AC1977-1997Franco Baresi
51%
Liverpool FC1996-2013Jamie Carragher
50%
West Ham United1958-1974Bobby Moore
37%
Milan AC1986-2007Alessandro Costacurta
21%
Inter Milan1980-1999Giuseppe Bergomi
12%
Milan AC1960-1979Gianni Rivera
11%
Hamburger SV1953-1972Uwe Seeler
11%
Inter Milan1960-1978Giacinto Facchetti
10%
Milan AC1980-1997Mauro Tassotti
8%
Hamburger SV1971-1989Manfred Kaltz
3%

Score Distribution

Percentile by Number Answered

Percent of People with Each Score

Your Score History

You have not taken this quiz since the last reset